<?xml version='1.0' encoding='UTF-8'?>
  <record xmlns="http://www.loc.gov/MARC21/slim">
    <leader>00000cam a22000007i 4500</leader>
    <controlfield tag="001">ocn914266802</controlfield>
    <controlfield tag="003">OCoLC</controlfield>
    <controlfield tag="005">20250722100742.4</controlfield>
    <controlfield tag="008">971027s1589    gw            000 0 ger d</controlfield>
    <datafield tag="040" ind1=" " ind2=" ">
      <subfield code="a">NLGGC</subfield>
      <subfield code="b">eng</subfield>
      <subfield code="e">rda</subfield>
      <subfield code="e">dcrmr</subfield>
      <subfield code="c">NLGGC</subfield>
      <subfield code="d">QGJ</subfield>
      <subfield code="d">OCLCL</subfield>
      <subfield code="d">QGJ</subfield>
    </datafield>
    <datafield tag="029" ind1="0" ind2=" ">
      <subfield code="a">NLGGC</subfield>
      <subfield code="b">162859139</subfield>
    </datafield>
    <datafield tag="035" ind1=" " ind2=" ">
      <subfield code="a">(OCoLC)914266802</subfield>
    </datafield>
    <datafield tag="100" ind1="1" ind2=" ">
      <subfield code="a">Utzinger, Alexander,</subfield>
      <subfield code="d">-1591,</subfield>
      <subfield code="e">author.</subfield>
      <subfield code="4">aut</subfield>
    </datafield>
    <datafield tag="245" ind1="1" ind2="0">
      <subfield code="a">Hochverursachte, vnd gleich genotdrengte Gegen Antwort vnnd Defensionsschrifft M. Alexandri Vtzingers, Pfarrherrns am Berge zu Schmalkalden, Wider Die vnuerschempten, Ehrenschmehende Famoß, Schand vnd Lestercharten Georgen Scherers, des vermessenen vnrühigen Jesuwiders zu Wien, die er wider jn von wegen seiner beyder gantz Christlichen Büchlein, so vergangenes 88. Jhars an die Verfolgten Christen in Francken ausgangen, newlich in Druck vnbedechtig, vergessentlich vnd hochsträflicher weise spargiret vnd ausgeworffen, Vom Scherer vnd allen Papistischen Scribenten.</subfield>
    </datafield>
    <datafield tag="246" ind1="3" ind2=" ">
      <subfield code="a">Hochverursachte, und gleich genotdrengte Gegen Antwort unnd Defensionsschrifft M. Alexandri Utzingers, Pfarrherrns am Berge zu Schmalkalden, Wider Die unverschempten, Ehrenschmehende Famoß, Schand und Lestercharten Georgen Scherers, des vermessenen unrühigen Jesuwiders zu Wien, die er wider in von wegen seiner beyder gantz Christlichen Büchlein, so vergangenes 88. Jhars an die Verfolgten Christen in Francken ausgangen, newlich in Druck unbedechtig, vergessentlich und hochsträflicher weise spargiret und ausgeworffen, Vom Scherer und allen Papistischen Scribenten</subfield>
    </datafield>
    <datafield tag="264" ind1=" " ind2="1">
      <subfield code="a">Gedruckt zu Schmalkalden, :</subfield>
      <subfield code="b">bey Michel Schmück.</subfield>
      <subfield code="c">M. D. LXXXIX. [1589]</subfield>
    </datafield>
    <datafield tag="300" ind1=" " ind2=" ">
      <subfield code="a">[235] pages ;</subfield>
      <subfield code="c">20 cm (4to)</subfield>
    </datafield>
    <datafield tag="336" ind1=" " ind2=" ">
      <subfield code="a">text</subfield>
      <subfield code="b">txt</subfield>
      <subfield code="2">rdacontent</subfield>
    </datafield>
    <datafield tag="337" ind1=" " ind2=" ">
      <subfield code="a">unmediated</subfield>
      <subfield code="b">n</subfield>
      <subfield code="2">rdamedia</subfield>
    </datafield>
    <datafield tag="338" ind1=" " ind2=" ">
      <subfield code="a">volume</subfield>
      <subfield code="b">nc</subfield>
      <subfield code="2">rdacarrier</subfield>
    </datafield>
    <datafield tag="340" ind1=" " ind2=" ">
      <subfield code="m">4to</subfield>
      <subfield code="2">rdabf</subfield>
    </datafield>
    <datafield tag="500" ind1=" " ind2=" ">
      <subfield code="a">Imprint: M. D. LXXXIX.</subfield>
    </datafield>
    <datafield tag="500" ind1=" " ind2=" ">
      <subfield code="a">Place of publication and printer's name from colophon, which reads: Gedruckt zu Schmalkalden, bey Michel Schmück. 1589.</subfield>
    </datafield>
    <datafield tag="500" ind1=" " ind2=" ">
      <subfield code="a">Dating preface: Datum Schmalkalden, den 12. Augusti, Anno 1589.</subfield>
    </datafield>
    <datafield tag="500" ind1=" " ind2=" ">
      <subfield code="a">Contains also a poem in Latin by Bartholomaeus Hessus, dedicated to Alexander Utzinger.</subfield>
    </datafield>
    <datafield tag="500" ind1=" " ind2=" ">
      <subfield code="a">Initials; printed, marginal notes.</subfield>
    </datafield>
    <datafield tag="500" ind1=" " ind2=" ">
      <subfield code="a">Signatures: ()⁴ )(⁴ A-Z⁴ a-d⁴ e²; e2v is blank.</subfield>
    </datafield>
    <datafield tag="510" ind1="4" ind2=" ">
      <subfield code="a">Verzeichnis der im deutschen Sprachbereich erschienenen Drucke des 16. Jahrhunderts (VD 16),</subfield>
      <subfield code="c">U 410</subfield>
      <subfield code="u">https://gateway-bayern.de/VD16+U+410</subfield>
    </datafield>
    <datafield tag="600" ind1="1" ind2="0">
      <subfield code="a">Scherer, Georg,</subfield>
      <subfield code="d">1539-1605.</subfield>
      <subfield code="t">Antwort auf die zwei unverschämten und ehrenschmähenden Famos, Schand- und Lästercharten M. Alexander Utzingers, eines Prädikanten zu Schmalkalden.</subfield>
    </datafield>
    <datafield tag="610" ind1="2" ind2="0">
      <subfield code="a">Catholic Church</subfield>
      <subfield code="x">Doctrines.</subfield>
    </datafield>
    <datafield tag="650" ind1=" " ind2="0">
      <subfield code="a">Lutheran Church</subfield>
      <subfield code="v">Controversial literature.</subfield>
    </datafield>
    <datafield tag="650" ind1=" " ind2="6">
      <subfield code="a">Église luthérienne</subfield>
      <subfield code="v">Ouvrages de controverse.</subfield>
    </datafield>
    <datafield tag="610" ind1="2" ind2="6">
      <subfield code="a">Église catholique</subfield>
      <subfield code="x">Doctrines.</subfield>
    </datafield>
    <datafield tag="610" ind1="2" ind2="7">
      <subfield code="a">Catholic Church</subfield>
      <subfield code="2">fast</subfield>
    </datafield>
    <datafield tag="650" ind1=" " ind2="7">
      <subfield code="a">Lutheran Church</subfield>
      <subfield code="2">fast</subfield>
    </datafield>
    <datafield tag="650" ind1=" " ind2="7">
      <subfield code="a">Theology, Doctrinal</subfield>
      <subfield code="2">fast</subfield>
    </datafield>
    <datafield tag="655" ind1=" " ind2="7">
      <subfield code="a">Controversial literature</subfield>
      <subfield code="2">fast</subfield>
    </datafield>
    <datafield tag="700" ind1="1" ind2=" ">
      <subfield code="a">Hesse, Bartholomäus,</subfield>
      <subfield code="d">1556-1611,</subfield>
      <subfield code="e">contributor.</subfield>
      <subfield code="4">ctb</subfield>
    </datafield>
    <datafield tag="700" ind1="1" ind2=" ">
      <subfield code="a">Schmuck, Michael,</subfield>
      <subfield code="d">1535-1606,</subfield>
      <subfield code="e">printer.</subfield>
      <subfield code="4">prt</subfield>
      <subfield code="1">https://id.oclc.org/worldcat/entity/E39PBJhhkMPjXvhFCRMV9Bwgrq</subfield>
    </datafield>
    <datafield tag="752" ind1=" " ind2=" ">
      <subfield code="a">Germany</subfield>
      <subfield code="d">Schmalkalden,</subfield>
      <subfield code="e">publication place.</subfield>
      <subfield code="4">pup</subfield>
    </datafield>
    <datafield tag="758" ind1=" " ind2=" ">
      <subfield code="i">has work:</subfield>
      <subfield code="a">Hochverursachte, und gleich genotdrengte Gegen Antwort unnd Defensionsschrift M. Alexandri Utzingers ... wider die unverschempten, Ehrenschmehende Famoss, Schand und Lestercharten Georgen Scherers (Text)</subfield>
      <subfield code="1">https://id.oclc.org/worldcat/entity/E39PD3frfmXgkHhqCV8VTmVYGd</subfield>
      <subfield code="4">https://id.oclc.org/worldcat/ontology/hasWork</subfield>
    </datafield>
  </record>